000 00240nam a2200097Ia 4500
008 231107s2008 xx 000 0 und d
041 _aeng
100 _aOwen Cheryl
245 _aOriental Papercrafts
260 _aU.K.
_bNew Holland pub.
_c2008
999 _c927174
_d927174